000 01010nam a22002777a 4500
999 _c2360
_d2360
003 AR-CdUCM
008 190304b ||||| |||| 00| 0 spa d
040 _aMUNICIPALIDAD PROVINCIAL DEL CUSCO
_cBIBLIOTECA MUNICIPAL DEL CUSCO
082 _a321.4 /
_bB12
100 _aBaca Tupayachi, Epifanio
_96240
245 _aLa nueva ley agraria en debate /
260 _aCusco :
_bCentro de Estudios Regionales Andinos Bartolomé de las Casas,
_c1992.
300 _a115 paginas ;
_bCuadros,
_c22cm.
500 _astudios y debates regionales andinos Incluye bibliografias
505 _aContenido -- Mercado de tierras -- La nueva ley Agraria -- Decreto legislativo.
650 _aNueva Ley Agraria
_98487
650 _aDecreto Legislativo
_98488
650 _aLeyes Peruanas
_95270
650 _aHistoria
_9136
700 _aEscobal, Javier
_98489
700 _aDel Castillo, Laureano
_98490
700 _aUrquieta, Débora
_98491
700 _aBegazo, Fernando
_98492
942 _2ddc
_cLIBROS
945 _apjha